Statistiken für Liedtext - Vom selben Stern - Ich + Ich

Klicken Sie hier um das Quiz zu spielen!

Allgemein

  • Dieses Quiz wurde 325 mal gespielt
    (302 seit der letzten Aktualisierung)
  • Das Durchschnittsergebnis liegt bei 205 aus 275

Antwortstatistiken

Textquiz% Korrekt
Ich
100%
ich
100%
Stern
99%
selben
98%
vom
97%
du
94%
Du
94%
dein
93%
kann
93%
wie
93%
Wie
93%
bist
92%
Herzschlag
90%
hör'n
90%
deinen
88%
Wir
87%
sind
85%
Das
83%
den
83%
die
83%
hören
82%
Und
82%
dich
77%
gleiche
74%
Stimme
74%
am
73%
Weil
71%
lenkt
70%
denkst
69%
gleichen
69%
hängst
69%
dir
68%
Faden
68%
an
67%
In
65%
uns
65%
von
65%
nicht
63%
auf
62%
dasselbe
61%
war
60%
noch
59%
alle
58%
nehm'
58%
Schmerz
58%
aus
57%
ganz
57%
immer
57%
ist
54%
Glanz
53%
Jetzt
53%
mal
53%
Sternenstaub
53%
unsere
53%
zieh
53%
dran
52%
unser'n
52%
andre
50%
Augen
50%
Steh
50%
zerbrochen
50%
Geister
46%
ab
43%
über
41%
heute
40%
laut
40%
letzte
40%
Musik
40%
durch
39%
Eis
39%
aufgetaut
38%
Berlin
38%
warmer
37%
fliegen
36%
Fenster
35%
Straßen
35%
Stadt
34%
zieh'n
33%
tanz
32%
Tanz
32%
Lass
31%
Zimmer
31%
Bahnen
30%
zusamm'n
30%
heb
29%

Verteilung der Resultate

Perzentil nach korrekt beantworteten Fragen

Anzahl Personen mit jedem Resultat

Ihre Resultats-Entwicklung

Sie haben dieses Quiz seit der letzten Aktualisierung nicht gespielt